D. Joh. Frid. Troppanneger, P. P. ordin. tractatio juridica de mitiganda adulterii poena ob denegatum debitum conjugale

Detalles Bibliográficos
Autor principal: Troppanneger, Johannes Fridericus
Formato: Libro
Lenguaje:Latin
Publicado: Halae Magdeburgicae : typis Ioan. Christ. Grunertii, Acad. typogr., 1745.
Materias:
Colección:Banco de datos
Acervo:Fondo Bibliográfico Antiguo Víctor Manuel Castillo de la Universidad de Ciencias y Artes de Chiapas
Descripción Física:29 p. ; 4°
Tema general:Derecho civil
Notas:Portada tipográfica con pleca y viñeta en grabado xilográfico. Texto a renglón seguido. Incluye cabecera de título floreada en grabado xilográfico
LEADER 00864nam a22001810004500
035 |a 1889 
041 0 |a lat 
100 1 |a Troppanneger, Johannes Fridericus 
245 1 0 |a D. Joh. Frid. Troppanneger, P. P. ordin. tractatio juridica de mitiganda adulterii poena ob denegatum debitum conjugale  
260 |a Halae Magdeburgicae : typis Ioan. Christ. Grunertii, Acad. typogr., 1745. 
300 |a 29 p. ; 4° 
500 |a Portada tipográfica con pleca y viñeta en grabado xilográfico. Texto a renglón seguido. Incluye cabecera de título floreada en grabado xilográfico 
501 |a 21 obras (01430-M) 
650 1 0 |a Derecho civil 
949 |a UNICACH, Colección de Víctor Manuel Castillo: 01430-M, 01431-U 
942 |c CHIACASTI 
943 |g Fondo Bibliográfico Antiguo Víctor Manuel Castillo de la Universidad de Ciencias y Artes de Chiapas 
999 |c 1100185  |d 1100185